Dvojčata /

Hlavní autor: Stone, Katherine, 1949-
Další autoři: Olivová, Alena, Štěpán, Ludvík, 1943-2009, Kováč, Karol
Jazyk: Čeština
Vydáno: Třebíč : AR, 1995
Vydání: 1. vyd.
Témata:
Fyzický popis: 301 s. : il. ; 19 cm
Knihy
Uloženo v:
LEADER 01158nam a2200337 a 4500
001 000054900
003 CZ BrMZK
005 20230828114837.0
007 ta
008 950313s1995 xr g f cze d
015 |a cnb000113052 
020 |a 80-901502-4-1 
040 |a BOA001  |b cze 
041 1 |a cze  |h eng 
072 7 |a 821.111(73)-3  |x Americká próza  |2 Konspekt  |9 25 
080 |a 821.111(73)-31  |2 MRF 
080 |a (0:82-31)-055.2  |2 MRF 
100 1 |a Stone, Katherine,  |d 1949-  |7 jn20011101012  |4 aut 
245 1 0 |a Dvojčata /  |c Katherine Stone ; [z angličtiny přeložili Alena Olivová, Ludvík Štěpán ; ilustrace Karol Kováč] 
250 |a 1. vyd. 
260 |a Třebíč :  |b AR,  |c 1995 
300 |a 301 s. :  |b il. ;  |c 19 cm 
655 7 |a americké romány  |7 fd131796  |2 czenas 
655 7 |a romány pro ženy  |7 fd187897  |2 czenas 
700 1 |a Olivová, Alena  |4 trl 
700 1 |a Štěpán, Ludvík,  |d 1943-2009  |7 jk01131260  |4 trl 
700 1 |a Kováč, Karol  |7 mzk2006353987  |4 ill 
765 0 |t Twins 
910 |a BOA001  |b 1-1017.027 
990 |a BK 
996 6 |b 2610032267  |c 1-1017.027  |l MZK  |r Sklad / do 1 hodiny  |n 37  |p p.v.  |w 000054900  |u 000010  |a 1  |e BOA001  |j MZK50  |s P